00254nam a22000977a 4500008004100000082001900041245004300060260003600103300000900139440000800148230703b xxu||||| |||| 00| 0 eng d a342bI618 2001 aConstitutional and Parliamentary Union bInter-Parliamentary Unionc2001 a283p n182